000 00728nam a2200289Ia 4500
005 20260324142512.0
008 008 260324s9999 xx 000 0 eng d
020 _a9781315784014
037 _aEBOOK
040 _aCRL
040 _beng
040 _cCRL
041 _2eng
041 _aeng
084 _qCRL
100 _aWilliam E Studwell; Frank Hoffmann; Beulah B Ramirez
_91212174
245 4 _aThe Popular Song Reader
245 2 _bA Sampler of Well-Known Twentieth-Century Songs
260 _bTaylor and Francis
260 _c1994
365 _a
365 _b220
856 _uhttp://www.taylorfrancis.com/books/9781315784014
942 _cEBOOK
999 _c1816447
_d1816447